000 00786nam a2200289Ia 4500
001 2857
005 20240113233558.0
007 ta
008 050311s1989 a g b000 u eng u
020 _a0-19-562402-5
040 _aCotton College,Assam
041 _aeng
082 _a821.921
_bPa 21 Te
100 _aparthasarathy, R..
245 0 _aTen Twentieth-Century Indian Poets /
_cR. Parthasarathy.
_hTextual Documents
250 _a1st ed. /
260 _aNew Delhi :
_bOxford university ( India ) ,
_c1989.
300 _a114p. :
_bill ;
_c21cm .
653 _aEnglish literature-Indian Poets
653 _aIndian Poets
653 _aG-English
653 _aPG-English
942 _2ddc
_cBK
999 _c2845
_d2845